2026 NBA Playoff Starters - Statistics

General Stats
  • This quiz has been taken 198 times
    58 since last reset
  • The average score is 61 of 80
Answer Stats
Hint Answer % Correct
Pistons Cade Cunningham
96%
Pistons Jalen Duren
96%
Thunder Shai Gilgeous-Alexander
93%
Cavaliers James Harden
91%
Knicks Josh Hart
91%
Lakers LeBron James
91%
Thunder Ajay Mitchell
89%
Thunder Chet Holmgren
89%
Cavaliers Donovan Mitchell
89%
Knicks Jalen Brunson
89%
Cavaliers Jarrett Allen
89%
Celtics Jaylen Brown
89%
Knicks Karl-Anthony Towns
89%
Knicks Mikal Bridges
89%
Nuggets Nikola Jokic
89%
Spurs Victor Wembanyama
89%
Pistons Ausar Thompson
87%
Spurs De'Aaron Fox
87%
Lakers DeAndre Ayton
87%
Cavaliers Evan Mobley
87%
Thunder Isaiah Hartenstein
87%
Nuggets Jamal Murray
87%
Celtics Jayson Tatum
87%
Timberwolves Rudy Gobert
87%
Pistons Tobias Harris
87%
Rockets Amen Thompson
85%
Timberwolves Anthony Edwards
85%
Nuggets Cam Johnson
85%
Celtics Derrick White
85%
Suns Devin Booker
85%
Hawks Jalen Johnson
85%
Sixers Joel Embiid
85%
Thunder Luguentz Dort
85%
Magic Paolo Banchero
85%
Spurs Stephon Castle
85%
Lakers Austin Reaves
83%
Spurs Devin Vassell
83%
Raptors Scottie Barnes
83%
Sixers Tyrese Maxey
83%
Rockets Alperen Sengun
80%
Magic Jalen Suggs
80%
Lakers Marcus Smart
80%
Sixers Paul George
80%
Lakers Rui Hachimura
80%
Pistons Duncan Robinson
78%
Magic Franz Wagner
78%
Timberwolves Jaden McDaniels
78%
Timberwolves Julius Randle
78%
Sixers Kelly Oubre
78%
Knicks OG Anunoby
78%
Nuggets Aaron Gordon
76%
Nuggets Christian Braun
76%
Raptors Brandon Ingram
74%
Cavaliers Dean Wade
74%
Hawks Nickeil Alexander-Walker
74%
Sixers VJ Edgecombe
74%
Trailblazers Deni Avdija
72%
Suns Jalen Green
72%
Timberwolves Mike Conley
72%
Raptors RJ Barrett
72%
Magic Wendell Carter
70%
Hawks CJ McCollum
67%
Suns Dillon Brooks
67%
Rockets Jabari Smith Jr.
67%
Spurs Julian Champagnie
67%
Trailblazers Scoot Henderson
67%
Magic Desmond Bane
65%
Celtics Neemias Queta
65%
Trailblazers Jrue Holiday
61%
Hawks Dyson Daniels
59%
Rockets Reed Sheppard
59%
Celtics Sam Hauser
59%
Hawks Onyeka Okongwu
57%
Raptors Jacob Poeltl
54%
Trailblazers Donovan Clingan
50%
Rockets Tari Eason
50%
Trailblazers Toumani Camara
37%
Suns Collin Gillespie
30%
Suns Oso Ighodaro
22%
Raptors Ja'Kobe Walter
20%
No matching quizzes found
Score Distribution
Percent of People with Each Score
Percentile by Number Answered
Your Score History
You have not taken this quiz since the last reset